| 000 | 00908cam a2200253Mi 4500 | ||
|---|---|---|---|
| 005 | 20180312142002.0 | ||
| 008 | 980810s1993 ck gr 000 j spa d | ||
| 020 | _a9589334210 | ||
| 020 | _a9789589334218 | ||
| 040 |
_aCO-BoUCM _bspa _cJose A. Gerena _dDiana Londoño |
||
| 041 | _aspa | ||
| 245 | 0 | 3 |
_aLa bella durmiente _bde los hermanos Grimm _cadaptado por Graciela Prieto ; ilustraciones de Cristina López |
| 260 |
_aMedellín (Colombia) _bCarrillon _c1993 |
||
| 300 |
_a[12] páginas _bilustraciones a color |
||
| 490 | 0 | _aCuentos clasicos | |
| 650 | 7 |
_aLibros ilustrados para niños _918516 |
|
| 650 | 7 |
_aLiteratura alemana _918601 |
|
| 690 |
_942863 _aLiteratura europea |
||
| 700 | 1 |
_aLópez, Cristina _eilustrador _959278 |
|
| 700 | 1 |
_aPrieto, Graciela _959277 |
|
| 700 | 3 |
_aHermanos Grimm _959279 |
|
| 942 |
_a18 _cLIBRO _e1 _mB435b _2DEWEY _h838.6 _n0 |
||
| 999 |
_c240427 _d240427 |
||